Software Transparenc (Record no. 34855)

MARC details
000 -LEADER
fixed length control field 00533nam a2200169Ia 4500
020 ## - INTERNATIONAL STANDARD BOOK NUMBER
ISBN 97810394158485
050 ## - CALL MARK
Classification number QA 76.754 .H84/
100 ## - STATEMENT OF RESPONSIBILITY--MAIN AUTHOR NAME
Personal name Hughes, Chris
245 #0 - TITLE STATEMENT
Title Software Transparenc
260 ## - PUBLICATION, DISTRIBUTION, ETC. (IMPRINT)
Place of publication Indianapolis
260 ## - PUBLICATION, DISTRIBUTION, ETC. (IMPRINT)
Name of publisher John Wiley and Sons
300 ## - PHYSICAL DESCRIPTION
Number of Pages xxxi, 295p.: ill.
650 ## - SUBJECT ADDED ENTRY--TOPICAL TERM
Topical Term Computer software--Security measures. Business logistics--Decision making--Security measures. Business logistics--Risk management.
942 ## - ADDED ENTRY ELEMENTS (KOHA)
Koha item type Books
Holdings
Withdrawn status Lost status Source of classification or shelving scheme Damaged status Not for loan Permanent Location Current Location Shelving location Date acquired Accession Number Price effective from Koha item type
    Library of Congress Classification     NILE UNIVERSITY OF NIGERIA - MAIN LIBRARY NILE UNIVERSITY OF NIGERIA - MAIN LIBRARY Items on shelf 04/23/2025 0198426 04/23/2025 Books